[Event "BL2 Sued 1617 (Women)"]
[Site "Germany"]
[Date "2017.01.22"]
[Round "4.4"]
[White "Weng, Annegret"]
[Black "Wilke, Tabea"]
[Result "0-1"]
[WhiteElo "2154"]
[BlackElo "1753"]
[PlyCount "96"]
[EventDate "2016.10.22"]
[EventType "team-tourn"]
[EventRounds "7"]
[EventCountry "GER"]
[SourceTitle "EXT 2018"]
[Source "ChessBase"]
[SourceDate "2017.10.13"]
[SourceVersion "1"]
[SourceVersionDate "2017.10.13"]
[SourceQuality "1"]
[WhiteTeam "Stuttgart Wolfbusch (W)"]
[BlackTeam "Langen (W)"]
[WhiteTeamCountry "GER"]
[BlackTeamCountry "GER"]

1. e4 e5 2. Nf3 Nc6 3. Bc4 Bc5 4. c3 Nf6 5. d3 d6 6. b4 Bb6 7. a4 a5 8. b5 Ne7 9. Bg5 Ng6 10. Qb3 0-0 11. Nbd2 Rb8 12. 0-0 h6 13. Be3 c6 14. d4 d5 15. exd5 cxd5 16. Be2 e4 17. Ne1 Bc7 18. g3 Bh3 19. Ng2 h5 20. Bg5 h4 21. Rfe1 Bxg2 22. Kxg2 Qd6 23. Qa3 Qe6 24. Nf1 h3+ 25. Kg1 Nh7 26. Be3 f5 27. f4 Nxf4 28. Bxf4 Bxf4 29. gxf4 Qh6 30. c4 Qxf4 31. Qxh3 Rf6 32. Qg3 Ng5 33. Qxf4 Nh3+ 34. Kh1 Nxf4 35. cxd5 Rg6 36. Ra3 Rd8 37. Rg3 Rh6 38. Bc4 Kh7 39. Rg5 g6 40. Nd2 Kg7 41. Nxe4 fxe4 42. Rxe4 Kf6 43. Rge5 g5 44. Re7 Rdh8 45. R4e6+ Nxe6 46. Rxe6+ Kf7 47. Re2 Kf8 48. Kg1 Rh4 0-1

[Event "BL2 Sued 1213 (Women)"]
[Site "Germany"]
[Date "2013.01.20"]
[Round "5.5"]
[White "Muench, Ursula"]
[Black "Weng, Annegret"]
[Result "1/2-1/2"]
[WhiteElo "1691"]
[BlackElo "2146"]
[PlyCount "61"]
[EventDate "2012.10.06"]
[EventType "team-tourn"]
[EventRounds "7"]
[EventCountry "GER"]
[SourceTitle "EXT 2018"]
[Source "ChessBase"]
[SourceDate "2017.10.13"]
[SourceVersion "1"]
[SourceVersionDate "2017.10.13"]
[SourceQuality "1"]
[WhiteTeam "Augsburg SG (W)"]
[BlackTeam "Stuttgart Wolfbusch (W)"]
[WhiteTeamCountry "GER"]
[BlackTeamCountry "GER"]

1. Nf3 Nc6 2. g3 g6 3. Bg2 Bg7 4. 0-0 e5 5. e4 d6 6. c3 f5 7. exf5 gxf5 8. d4 e4 9. Re1 Nf6 10. d5 Ne5 11. Nxe5 dxe5 12. c4 0-0 13. Nc3 b6 14. Bg5 Qd7 15. Rc1 Ba6 16. b3 Ng4 17. h3 Nh6 18. Rc2 Nf7 19. Bh4 Nh6 20. Qh5 Rae8 21. Bg5 Qf7 22. Qxf7+ Nxf7 23. Bh4 Nd6 24. Bf1 Bc8 25. c5 bxc5 26. Nb5 Rf7 27. Rxc5 Nxb5 28. Bxb5 Bd7 29. Bxd7 Rxd7 30. Rec1 Rc8 31. Bg5 1/2-1/2

[Event "BL 1112 (Women)"]
[Site "Germany"]
[Date "2011.11.26"]
[Round "3.6"]
[White "Weng, Annegret"]
[Black "Toth, Lili"]
[Result "1/2-1/2"]
[WhiteElo "2141"]
[BlackElo "2216"]
[PlyCount "58"]
[EventDate "2011.10.29"]
[EventType "team-tourn"]
[EventRounds "11"]
[EventCountry "GER"]
[SourceTitle "EXT 2013"]
[Source "ChessBase"]
[SourceDate "2012.11.22"]
[SourceVersion "1"]
[SourceVersionDate "2012.11.22"]
[SourceQuality "1"]
[WhiteTeam "Stuttgart Wolfbusch (W)"]
[BlackTeam "Friedberg (W)"]
[WhiteTeamCountry "GER"]
[BlackTeamCountry "GER"]

1. e4 c6 2. d4 d5 3. f3 dxe4 4. fxe4 e5 5. Nf3 exd4 6. Bc4 Be6 7. Bxe6 fxe6 8. Qxd4 Qxd4 9. Nxd4 e5 10. Ne6 Na6 11. Nxf8 Kxf8 12. 0-0+ Nf6 13. Bg5 Kf7 14. Nd2 Rhe8 15. Rf5 h6 16. Bh4 Kg6 17. Raf1 Re6 18. Nc4 Rae8 19. Bg3 Nc5 20. Nxe5+ Kh7 21. Nd3 Ncxe4 22. Bf2 Nxf2 23. R5xf2 b6 24. h3 c5 25. b3 R8e7 26. Nf4 Rd6 27. Nd3 Rde6 28. Nf4 Rd6 29. Nd3 Rde6 1/2-1/2

[Event "BL2 Sued 1011 (Women)"]
[Site "Germany"]
[Date "2010.12.05"]
[Round "4.4"]
[White "Specht, Maria"]
[Black "Weng, Annegret"]
[Result "1-0"]
[WhiteElo "1894"]
[BlackElo "2153"]
[PlyCount "129"]
[EventDate "2010.11.06"]
[EventType "team-tourn"]
[EventRounds "7"]
[EventCountry "GER"]
[SourceTitle "EXT 2012"]
[Source "ChessBase"]
[SourceDate "2011.11.24"]
[SourceVersion "1"]
[SourceVersionDate "2011.11.24"]
[SourceQuality "1"]
[WhiteTeam "Augsburg (W)"]
[BlackTeam "Stuttgart Wolfbusch (W)"]
[WhiteTeamCountry "GER"]
[BlackTeamCountry "GER"]

1. d4 g6 2. e3 Bg7 3. Nf3 d6 4. c4 Nd7 5. Bd3 e5 6. 0-0 Ngf6 7. dxe5 dxe5 8. Nc3 0-0 9. Rb1 a5 10. a3 Qe7 11. e4 Nc5 12. Bc2 Nh5 13. Nd5 Qd8 14. Bg5 f6 15. Be3 Ne6 16. Qc1 c6 17. Nb6 Ra6 18. Nxc8 Qxc8 19. g3 Nef4 20. Bd1 Qg4 21. Ne1 Nh3+ 22. Kh1 Qe6 23. c5 Rd8 24. Be2 Kh8 25. Bxa6 bxa6 26. Qc2 f5 27. Rd1 Rxd1 28. Qxd1 Nf6 29. exf5 gxf5 30. Qd8+ Ng8 31. Qd6 Qc4 32. Kg2 f4 33. Qd3 Qe6 34. Bc1 e4 35. Qd6 f3+ 36. Kh1 Qc4 37. Nd3 exd3 38. Be3 d2 39. Rd1 Bxb2 40. Qxd2 Bf6 41. Rc1 Qg4 42. Qxa5 Ng5 43. Qxa6 Nh6 44. Qxc6 Kg7 45. Rd1 Nf5 46. Qb7+ Kg6 47. Bxg5 Kxg5 48. Qxh7 Bd4 49. Qg8+ Ng7 50. Qd8+ Bf6 51. Qd5+ Nf5 52. c6 Bd4 53. Rxd4 Qh3 54. Qd8+ Kg6 55. Qg8+ Kf6 56. Qd8+ Kg6 57. Rd6+ Nxd6 58. Qxd6+ Kg5 59. Qe7+ Kg6 60. Qe8+ Kf6 61. Qd8+ Kg6 62. Qd6+ Kg5 63. Qf4+ Kg6 64. Qe4+ Kg5 65. Qh4+ 1-0

[Event "BL 0910 (Women)"]
[Site "Germany"]
[Date "2009.12.06"]
[Round "4.1"]
[White "Weng, Annegret"]
[Black "Hoolt, Sarah"]
[Result "0-1"]
[WhiteElo "2162"]
[BlackElo "2235"]
[PlyCount "96"]
[EventDate "2009.11.07"]
[EventType "team-tourn"]
[EventRounds "11"]
[EventCountry "GER"]
[SourceTitle "CBM 133 Extra"]
[Source "ChessBase"]
[SourceDate "2010.01.05"]
[SourceVersion "1"]
[SourceVersionDate "2010.01.05"]
[SourceQuality "1"]
[WhiteTeam "Wolfbusch (W)"]
[BlackTeam "Lehrte (W)"]
[WhiteTeamCountry "GER"]
[BlackTeamCountry "GER"]

1. e4 c5 2. Nf3 e6 3. d4 cxd4 4. Nxd4 Nc6 5. Nc3 Qc7 6. f4 a6 7. Be3 b5 8. Nxc6 Qxc6 9. Bd3 Bb7 10. a3 Bc5 11. Qe2 Rc8 12. 0-0 Nf6 13. Kh1 Bxe3 14. Qxe3 d5 15. exd5 Nxd5 16. Nxd5 Qxd5 17. Qh3 g6 18. Rae1 0-0 19. Re5 Qd4 20. c3 Qd6 21. Rfe1 Rfd8 22. R1e3 Rc5 23. Qg3 Rd5 24. Rxd5 Qxd5 25. h4 Qb3 26. Kh2 Kg7 27. f5 exf5 28. Qe5+ Kg8 29. Qf6 Qd5 30. Bf1 Qd6+ 31. Qxd6 Rxd6 32. Re8+ Kg7 33. Re7 Bd5 34. Be2 Re6 35. Rxe6 fxe6 36. a4 Bc4 37. axb5 axb5 38. Bd1 e5 39. Kg3 Kf6 40. Kf2 f4 41. Bc2 Bd5 42. Bd3 Bc6 43. Bf1 e4 44. Be2 Ke5 45. b3 Kd6 46. Bd1 e3+ 47. Kf1 Kc5 48. Bf3 Bxf3 0-1

[Event "BL2 Gr01 0506 (Women)"]
[Site "Germany"]
[Date "2006.03.05"]
[Round "7.2"]
[White "Solberg, Kirsten"]
[Black "Weng, Annegret"]
[Result "0-1"]
[WhiteElo "1922"]
[BlackElo "2104"]
[PlyCount "92"]
[EventDate "2005.10.29"]
[EventType "team-tourn"]
[EventRounds "7"]
[EventCountry "GER"]
[SourceTitle "EXT 2007"]
[Source "ChessBase"]
[SourceDate "2006.11.23"]
[SourceVersion "1"]
[SourceVersionDate "2006.11.23"]
[SourceQuality "1"]
[WhiteTeam "Wattenscheid (W)"]
[BlackTeam "Stuttgart Wolfbusch (W)"]
[WhiteTeamCountry "GER"]
[BlackTeamCountry "GER"]

1. e4 g6 2. d4 Bg7 3. Be3 c6 4. f4 d5 5. e5 Nh6 6. Nf3 Bg4 7. Be2 Nf5 8. Bf2 h5 9. g3 h4 10. Nxh4 Bxe2 11. Qxe2 Nxh4 12. gxh4 Qd7 13. Nc3 Qf5 14. Bg3 Nd7 15. 0-0-0 0-0-0 16. h3 e6 17. Qg4 Qh5 18. Bf2 Bf8 19. Ne2 Be7 20. Rdf1 Bxh4 21. Bxh4 Qxh4 22. Qg2 Kb8 23. Rf3 c5 24. c3 Rc8 25. Kd2 Qe7 26. Qg5 Qf8 27. a3 Nb6 28. Rb1 Rh5 29. Qg2 Qe7 30. dxc5 Qxc5 31. Nd4 Nc4+ 32. Ke1 Qb6 33. a4 a6 34. b3 Na5 35. Kf1 Nc6 36. Nxc6+ Qxc6 37. Qf2 Rch8 38. Kg2 Qc7 39. Re1 g5 40. Qe3 gxf4 41. Qxf4 Rf5 42. Qe3 Rg8+ 43. Kh2 Rfg5 44. Re2 f5 45. h4 Rg4 46. Rh3 Re4 0-1

[Event "BL2 Gr01 0506 (Women)"]
[Site "Germany"]
[Date "2005.11.20"]
[Round "4.2"]
[White "Weng, Annegret"]
[Black "Katte, Isabel"]
[Result "1-0"]
[WhiteElo "2104"]
[BlackElo "1828"]
[PlyCount "35"]
[EventDate "2005.10.29"]
[EventType "team-tourn"]
[EventRounds "7"]
[EventCountry "GER"]
[SourceTitle "EXT 2007"]
[Source "ChessBase"]
[SourceDate "2006.11.23"]
[SourceVersion "1"]
[SourceVersionDate "2006.11.23"]
[SourceQuality "1"]
[WhiteTeam "Stuttgart Wolfbusch (W)"]
[BlackTeam "Schott Mainz (W)"]
[WhiteTeamCountry "GER"]
[BlackTeamCountry "GER"]

1. e4 e5 2. Nf3 Nf6 3. Nc3 Nc6 4. d4 exd4 5. Nd5 Nxd5 6. exd5 Qe7+ 7. Be2 Nb4 8. 0-0 Qc5 9. Nxd4 Nxd5 10. Bf3 Nf6 11. Re1+ Be7 12. b4 Qd6 13. Bg5 h6 14. Bh4 Kd8 15. c3 Re8 16. Qb3 Qb6 17. Qxf7 d5 18. Qxg7 1-0

[Event "Hessenliga 0304"]
[Site "Germany"]
[Date "2004.02.29"]
[Round "7.4"]
[White "Baulig, Bjoern"]
[Black "Weng, Annegret"]
[Result "1-0"]
[WhiteElo "2158"]
[BlackElo "2194"]
[PlyCount "95"]
[EventDate "2003.10.??"]
[EventType "team-tourn"]
[EventRounds "9"]
[EventCountry "GER"]
[SourceTitle "EXT 2005"]
[Source "ChessBase"]
[SourceDate "2004.11.15"]
[SourceVersion "1"]
[SourceVersionDate "2004.11.15"]
[SourceQuality "1"]
[WhiteTeam "Limburg"]
[BlackTeam "Steinbach"]
[WhiteTeamCountry "GER"]
[BlackTeamCountry "GER"]

1. e4 Nc6 2. Nc3 e5 3. Nf3 Nf6 4. Bb5 Nd4 5. Bc4 Bc5 6. d3 d6 7. Nxd4 Bxd4 8. Bg5 h6 9. Bh4 c6 10. Qd2 b5 11. Bb3 Be6 12. 0-0 Qd7 13. Bxf6 gxf6 14. Kh1 Ke7 15. Nd1 Rag8 16. Bxe6 fxe6 17. c3 Bb6 18. f4 Rg6 19. Ne3 exf4 20. Rxf4 Rhg8 21. d4 d5 22. Raf1 dxe4 23. Rxe4 Kd8 24. Qe2 f5 25. Rh4 Bc7 26. Rf2 Kc8 27. Nc2 Bd8 28. Rh5 Be7 29. Ne1 Qd5 30. b4 Rg4 31. Nf3 Re4 32. Qd2 Qc4 33. Ne5 Qxa2 34. Kg1 Qd5 35. Nf3 Rg6 36. Rxh6 Rxh6 37. Qxh6 Qb3 38. Qd2 Bd6 39. g3 Qd5 40. Qg5 Rg4 41. Qh5 Qe4 42. Kg2 Qd5 43. Qe8+ Kc7 44. Qa8 Kb6 45. Qd8+ Kb7 46. Qd7+ Kb6 47. c4 bxc4 48. Ra2 1-0

[Event "Hessenliga 0304"]
[Site "Germany"]
[Date "2004.01.25"]
[Round "5.4"]
[White "Bouaraba, Max"]
[Black "Weng, Annegret"]
[Result "1-0"]
[WhiteElo "2206"]
[BlackElo "2194"]
[PlyCount "51"]
[EventDate "2003.10.??"]
[EventType "team-tourn"]
[EventRounds "9"]
[EventCountry "GER"]
[SourceTitle "EXT 2005"]
[Source "ChessBase"]
[SourceDate "2004.11.15"]
[SourceVersion "1"]
[SourceVersionDate "2004.11.15"]
[SourceQuality "1"]
[WhiteTeam "Marburg"]
[BlackTeam "Steinbach"]
[WhiteTeamCountry "GER"]
[BlackTeamCountry "GER"]

1. d4 Nc6 2. Nf3 d6 3. d5 Ne5 4. Nxe5 dxe5 5. e4 e6 6. Bb5+ Bd7 7. dxe6 Bxb5 8. Qh5 Qf6 9. exf7+ Kd7 10. fxg8Q Rxg8 11. Qxh7 Bc5 12. Qh3+ Ke8 13. Be3 Bb4+ 14. c3 Bd6 15. Nd2 Qg6 16. c4 Bc6 17. c5 Be7 18. 0-0 Rd8 19. Rad1 Rd3 20. Nf3 Rxd1 21. Rxd1 Qxe4 22. Qe6 Kf8 23. Qc8+ Kf7 24. Qxc7 Ke6 25. h3 Bd5 26. Bg5 1-0

[Event "Hessenliga 0304"]
[Site "Germany"]
[Date "2003.10.12"]
[Round "2.3"]
[White "Mueller, Thorsten"]
[Black "Weng, Annegret"]
[Result "0-1"]
[WhiteElo "2077"]
[BlackElo "2194"]
[PlyCount "86"]
[EventDate "2003.10.??"]
[EventType "team-tourn"]
[EventRounds "9"]
[EventCountry "GER"]
[SourceTitle "EXT 2005"]
[Source "ChessBase"]
[SourceDate "2004.11.15"]
[SourceVersion "1"]
[SourceVersionDate "2004.11.15"]
[SourceQuality "1"]
[WhiteTeam "Offenbach II"]
[BlackTeam "Steinbach"]
[WhiteTeamCountry "GER"]
[BlackTeamCountry "GER"]

1. e4 Nc6 2. Nc3 Nf6 3. d4 d5 4. e5 Ne4 5. Nxe4 dxe4 6. c3 f6 7. Be3 Bf5 8. Qb3 Qc8 9. Bc4 e6 10. exf6 gxf6 11. Ne2 Bd6 12. Ng3 Ke7 13. Be2 Bg6 14. Rd1 f5 15. Bg5+ Kf7 16. d5 Ne5 17. dxe6+ Qxe6 18. Rxd6 cxd6 19. Bc4 Qxc4 20. Qxb7+ Ke6 21. Ne2 Qxe2+ 22. Kxe2 Rhe8 23. Qb3+ d5 24. g4 Rab8 25. Qa3 Nc4 26. Qa6+ Rb6 27. Qxa7 Rxb2+ 28. Kf1 fxg4 29. Qc5 e3 30. Qc6+ Nd6 31. Bxe3 Rc8 32. Qa4 Be4 33. f3 Bxf3 34. Rg1 Rxc3 35. Qd4 Rcc2 36. Bf2 Ne4 37. Be1 Rxh2 38. Qe3 Be2+ 39. Qxe2 Rbxe2 40. Rxg4 Rxa2 41. Rg7 Rh1+ 42. Rg1 Rxg1+ 43. Kxg1 Ra1 0-1

[Event "BL 0203 (Women)"]
[Site "Germany"]
[Date "2002.10.13"]
[Round "2.5"]
[White "Jahn, Constanze"]
[Black "Weng, Annegret"]
[Result "1/2-1/2"]
[WhiteElo "2228"]
[BlackElo "2191"]
[PlyCount "83"]
[EventDate "2002.10.12"]
[EventType "team-tourn"]
[EventRounds "11"]
[EventCountry "GER"]
[SourceTitle "EXT 2003"]
[Source "ChessBase"]
[SourceDate "2002.11.25"]
[SourceVersion "1"]
[SourceVersionDate "2002.11.25"]
[SourceQuality "1"]
[WhiteTeam "Halle (W)"]
[BlackTeam "Holsterhausen (W)"]
[WhiteTeamCountry "GER"]
[BlackTeamCountry "GER"]

1. e4 Nc6 2. d4 d5 3. e5 Bf5 4. c3 f6 5. f4 e6 6. Nf3 Be7 7. Bd3 Bxd3 8. Qxd3 f5 9. Ng5 Bxg5 10. fxg5 Nge7 11. 0-0 Qd7 12. b4 b6 13. a4 a5 14. b5 Nd8 15. Nd2 Nf7 16. Nf3 h6 17. Ra2 0-0-0 18. Bd2 hxg5 19. Nxg5 Nxg5 20. Bxg5 Rh5 21. h4 Rdh8 22. g3 Qe8 23. Qf3 g6 24. c4 dxc4 25. Bxe7 Qxe7 26. Qa8+ Kd7 27. Qc6+ Kc8 28. Rc2 Kb8 29. Rxc4 g5 30. Rfc1 R5h7 31. h5 g4 32. R4c3 Qg5 33. d5 Qxh5 34. d6 Qh1+ 35. Qxh1 Rxh1+ 36. Kf2 Rxc1 37. Rxc1 cxd6 38. exd6 Rd8 39. Rc6 Kb7 40. Rc7+ Kb8 41. Rc6 Kb7 42. Rc7+ 1/2-1/2

[Event "BL 0001 (Women)"]
[Site "Germany"]
[Date "2001.??.??"]
[Round "5.2"]
[White "Weng, Annegret"]
[Black "Borulya, Ekaterina"]
[Result "1-0"]
[WhiteElo "2165"]
[BlackElo "2362"]
[PlyCount "137"]
[EventDate "2000.10.??"]
[EventType "team-tourn"]
[EventRounds "11"]
[EventCountry "GER"]
[SourceTitle "CBM 082 Extra"]
[Source "ChessBase"]
[SourceDate "2001.07.03"]
[SourceVersion "1"]
[SourceVersionDate "2001.07.03"]
[SourceQuality "1"]
[WhiteTeam "Holsterhausen (W)"]
[BlackTeam "Krefeld Turm (W)"]
[WhiteTeamCountry "GER"]
[BlackTeamCountry "GER"]

1. e4 c5 2. Nf3 e6 3. d4 cxd4 4. Nxd4 Nc6 5. Nb5 d6 6. c4 Nf6 7. N1c3 a6 8. Na3 Be7 9. Be2 0-0 10. 0-0 b6 11. Be3 Bd7 12. f4 Qb8 13. Qe1 Ra7 14. Qf2 Rc8 15. Rfd1 Be8 16. Rab1 Nd7 17. b4 Rb7 18. Qe1 a5 19. b5 Nb4 20. Rbc1 d5 21. cxd5 Nxd5 22. exd5 Bxa3 23. Rb1 Bb4 24. Bd2 Nc5 25. dxe6 Nxe6 26. Nd5 Bc5+ 27. Kh1 Nd4 28. Bd3 Bd7 29. Bc3 Nf5 30. Bxf5 Bxf5 31. Qg3 Bg6 32. Be5 Qa8 33. f5 f6 34. fxg6 fxe5 35. gxh7+ Kh8 36. Qxe5 Rf7 37. Rf1 Rcf8 38. Rxf7 Rxf7 39. Nf4 Rf6 40. Nh5 Rg6 41. Nf4 Rf6 42. Nh5 Rg6 43. Ng3 Bd6 44. Qe4 Qxe4 45. Nxe4 Be5 46. g3 Kxh7 47. Kg2 Kg8 48. Kf3 Kf7 49. h4 Ke6 50. Rd1 Rh6 51. Ng5+ Kf6 52. Rd7 Rh8 53. Rb7 Bd4 54. Rd7 Be5 55. Nf7 Rf8 56. Nxe5 Kxe5+ 57. Ke3 g6 58. Rc7 Rf1 59. Rc6 Kf5 60. Rxb6 Ra1 61. g4+ Kxg4 62. Rxg6+ Kxh4 63. Rg2 Rb1 64. a4 Rb4 65. Rd2 Kg5 66. Rd4 Rb1 67. Ke4 Kf6 68. Kd5 Rc1 69. Rc4 1-0

[Event "BL 0001 (Women)"]
[Site "Germany"]
[Date "2001.??.??"]
[Round "8.2"]
[White "Weng, Annegret"]
[Black "Socko, Monika"]
[Result "0-1"]
[WhiteElo "2165"]
[BlackElo "2403"]
[PlyCount "82"]
[EventDate "2000.10.??"]
[EventType "team-tourn"]
[EventRounds "11"]
[EventCountry "GER"]
[SourceTitle "CBM 082 Extra"]
[Source "ChessBase"]
[SourceDate "2001.07.03"]
[SourceVersion "1"]
[SourceVersionDate "2001.07.03"]
[SourceQuality "1"]
[WhiteTeam "Holsterhausen (W)"]
[BlackTeam "Heiligenhaus (W)"]
[WhiteTeamCountry "GER"]
[BlackTeamCountry "GER"]

1. e4 e6 2. d4 d5 3. Nc3 Bb4 4. a3 Bxc3+ 5. bxc3 dxe4 6. f3 e5 7. Bb5+ Nd7 8. Qe2 c6 9. Bc4 Ngf6 10. fxe4 0-0 11. Nf3 exd4 12. cxd4 Nxe4 13. 0-0 Ndf6 14. Bf4 Bf5 15. Qe1 Re8 16. Be5 Rxe5 17. dxe5 Qb6+ 18. Kh1 Ng4 19. h3 Nef2+ 20. Rxf2 Nxf2+ 21. Kh2 Qc5 22. Bb3 Ne4 23. Rd1 Re8 24. Qh4 Qf8 25. Qf4 Bg6 26. Re1 Nc5 27. Qe3 Qe7 28. Qd4 Nxb3 29. cxb3 Qxa3 30. b4 Qd3 31. Qxa7 Be4 32. Ng5 Bxg2 33. Qf2 Bd5 34. e6 f6 35. h4 Qg6 36. Nh3 Bxe6 37. Nf4 Qf7 38. Qg3 Bd5 39. Rg1 g6 40. h5 g5 41. h6 Kh8 0-1

[Event "BL 9900 (Women)"]
[Site "Germany"]
[Date "2000.04.01"]
[Round "10.3"]
[White "Kas Fromm, Rita"]
[Black "Weng, Annegret"]
[Result "1/2-1/2"]
[WhiteElo "2214"]
[BlackElo "2174"]
[PlyCount "85"]
[EventDate "1999.10.16"]
[EventType "team-tourn"]
[EventRounds "11"]
[EventCountry "GER"]
[SourceTitle "CBM 075 Extra"]
[Source "ChessBase"]
[SourceDate "2000.05.11"]
[SourceVersion "2"]
[SourceVersionDate "2000.05.11"]
[SourceQuality "1"]
[WhiteTeam "Hamburger SK"]
[BlackTeam "Holsterhausen"]
[WhiteTeamCountry "GER"]
[BlackTeamCountry "GER"]

1. d4 Nf6 2. c4 g6 3. Nc3 Bg7 4. e4 0-0 5. Be2 c6 6. d5 a6 7. e5 Ne8 8. Nf3 d6 9. Bf4 cxd5 10. cxd5 Bg4 11. exd6 Nxd6 12. 0-0 Nd7 13. h3 Bxf3 14. Bxf3 Rc8 15. Rc1 Rc4 16. g3 Qc8 17. Re1 Re8 18. Qe2 Nf5 19. Qd3 b5 20. Bg2 Nc5 21. Qd2 Rd4 22. Qe2 Rc4 23. Ne4 Nd4 24. Qd2 Nxe4 25. Rxe4 Rxc1+ 26. Qxc1 Qd7 27. Kh2 Rc8 28. Rxe7 Qf5 29. Qe3 h5 30. Re8+ Kh7 31. Rxc8 Qxc8 32. d6 Nf5 33. Qd2 Qd7 34. Be4 Nd4 35. Qd1 Qe6 36. Qxh5+ Kg8 37. Qd5 Qd7 38. Qc5 Ne6 39. Qe3 Nxf4 40. Qxf4 Bxb2 41. Bd5 Kg7 42. h4 f6 43. Bf3 1/2-1/2

[Event "BL 9900 (Women)"]
[Site "Germany"]
[Date "2000.02.05"]
[Round "6.4"]
[White "Germann, Heike"]
[Black "Weng, Annegret"]
[Result "0-1"]
[WhiteElo "2040"]
[BlackElo "2174"]
[PlyCount "128"]
[EventDate "1999.10.16"]
[EventType "team-tourn"]
[EventRounds "11"]
[EventCountry "GER"]
[SourceTitle "CBM 075 Extra"]
[Source "ChessBase"]
[SourceDate "2000.05.11"]
[SourceVersion "2"]
[SourceVersionDate "2000.05.11"]
[SourceQuality "1"]
[WhiteTeam "Guben (W)"]
[BlackTeam "Holsterhausen"]
[WhiteTeamCountry "GER"]
[BlackTeamCountry "GER"]

1. d4 Nf6 2. c4 g6 3. Nc3 Bg7 4. e4 0-0 5. Nf3 c6 6. Be2 d5 7. cxd5 cxd5 8. e5 Ne4 9. 0-0 Nc6 10. Be3 f6 11. exf6 exf6 12. Rc1 Be6 13. Nd2 Nd6 14. Nb5 Nf5 15. Bg4 a6 16. Bxf5 Bxf5 17. Nc3 Rf7 18. Qf3 Be6 19. Nb3 Re7 20. Nc5 Bf7 21. Rfd1 Rc8 22. Nd3 g5 23. Rd2 Qd6 24. a3 Na5 25. Rdc2 Rd8 26. Rd1 Bg6 27. Re2 Nc4 28. Bc1 Rxe2 29. Qxe2 Re8 30. Qf1 Rc8 31. Nc5 Rc7 32. Qe2 Re7 33. Qf3 Bf7 34. Qf5 Nb6 35. Qc2 Bg6 36. Qb3 Bf7 37. h3 h6 38. a4 Qc6 39. Qc2 Nc4 40. b3 Nd6 41. Ba3 Rc7 42. Rc1 f5 43. Qd1 Ne8 44. Nd3 Qe6 45. Nc5 Qf6 46. Ne2 Bh5 47. Bb2 Re7 48. f3 Bf7 49. Nd3 Qb6 50. Kh1 Re3 51. Ne5 Qxb3 52. Qd2 f4 53. Nc3 Qb4 54. Rc2 Be6 55. Nxd5 Qxd2 56. Ne7+ Kf8 57. N7g6+ Kg8 58. Rxd2 Nc7 59. Rc2 Nd5 60. h4 Kh7 61. Rc5 Re1+ 62. Kh2 Ne3 63. Bc1 Nf1+ 64. Kg1 Ng3+ 0-1

[Event "Hessenliga 9899"]
[Site "Hessen"]
[Date "1999.??.??"]
[Round "?"]
[White "Koeller, Oliver"]
[Black "Weng, Annegret"]
[Result "0-1"]
[WhiteElo "2290"]
[BlackElo "2175"]
[PlyCount "82"]
[EventDate "1998.10.??"]
[EventType "team-tourn"]
[EventRounds "11"]
[EventCountry "GER"]
[SourceTitle "EXT 2000"]
[Source "ChessBase"]
[SourceDate "1999.11.16"]
[SourceVersion "1"]
[SourceVersionDate "1999.11.16"]
[SourceQuality "1"]

1. e4 c5 2. Nc3 Nc6 3. g3 g6 4. Bg2 Bg7 5. d3 Rb8 6. f4 b5 7. Nf3 d6 8. 0-0 e6 9. f5 Nf6 10. Bg5 h6 11. Bd2 0-0 12. fxg6 fxg6 13. e5 Nxe5 14. Nxe5 dxe5 15. Be3 Qe7 16. Ne4 Nd7 17. Qg4 Kh7 18. h4 Rf5 19. Qe2 Bb7 20. h5 gxh5 21. Bh3 Rbf8 22. Bxf5+ exf5 23. Nd2 Qf7 24. Qf2 Qg6 25. Qh2 Nf6 26. Bxc5 Ng4 27. Qh3 Rc8 28. b4 Bf8 29. Nb3 Bg7 30. Rae1 Bf6 31. Re2 h4 32. Nd2 hxg3 33. Qxg3 f4 34. Qh3 Ne3+ 35. Kf2 Nxf1 36. Qd7+ Qg7 37. Qf5+ Kh8 38. Kxf1 Rg8 39. Ne4 Bh4 40. Rh2 Bc8 41. Qh5 Bh3+ 0-1

[Event "DDMM (Women)"]
[Site "Weilburg"]
[Date "1999.??.??"]
[Round "3.4"]
[White "Weng, Annegret"]
[Black "Fischer, Anke"]
[Result "1-0"]
[WhiteElo "2150"]
[BlackElo "1830"]
[PlyCount "59"]
[EventDate "1999.??.??"]
[EventType "team-tourn"]
[EventRounds "5"]
[EventCountry "GER"]
[SourceTitle "EXT 2000"]
[Source "ChessBase"]
[SourceDate "1999.11.16"]
[SourceVersion "1"]
[SourceVersionDate "1999.11.16"]
[SourceQuality "1"]

1. e4 c5 2. Nf3 d6 3. d4 cxd4 4. Nxd4 Nf6 5. Nc3 e6 6. g4 Nc6 7. g5 Nd7 8. h4 a6 9. Bg2 Be7 10. Be3 Qc7 11. Qe2 b5 12. a3 Bb7 13. Nxc6 Bxc6 14. Bd4 e5 15. Be3 Rc8 16. Rd1 f5 17. f4 fxe4 18. 0-0 exf4 19. Rxf4 Rf8 20. Qh5+ g6 21. Qxh7 Ne5 22. Rdf1 Nf3+ 23. Bxf3 exf3 24. Qxg6+ Kd7 25. Re1 Rxf4 26. Bxf4 Rf8 27. Qe6+ Kd8 28. Be3 d5 29. Kf1 Qg3 30. Bb6+ 1-0

[Event "Hessenliga 9899"]
[Site "Hessen"]
[Date "1999.??.??"]
[Round "?"]
[White "Weng, Annegret"]
[Black "Rudolph, Peter"]
[Result "0-1"]
[WhiteElo "2175"]
[BlackElo "2205"]
[PlyCount "80"]
[EventDate "1998.10.??"]
[EventType "team-tourn"]
[EventRounds "11"]
[EventCountry "GER"]
[SourceTitle "EXT 2000"]
[Source "ChessBase"]
[SourceDate "1999.11.16"]
[SourceVersion "1"]
[SourceVersionDate "1999.11.16"]
[SourceQuality "1"]

1. e4 c5 2. Nf3 Nc6 3. d4 cxd4 4. Nxd4 Nf6 5. Nc3 Qb6 6. Nb3 e6 7. Be3 Qc7 8. f4 d6 9. Qf3 a6 10. g4 Nd7 11. Bd3 Be7 12. g5 b5 13. Ne2 Nb4 14. Bd4 0-0 15. Bc3 Nxd3+ 16. cxd3 Nc5 17. Rc1 Nxb3 18. axb3 Qb7 19. Ng3 b4 20. Bd4 Qb5 21. 0-0 e5 22. fxe5 dxe5 23. Rc7 Bd6 24. Ra7 Be6 25. Rxa8 Rxa8 26. Bf2 Bxb3 27. Nf5 Qd7 28. d4 Be6 29. Nxd6 Qxd6 30. d5 Bd7 31. Be3 Be8 32. Rc1 a5 33. Qg3 Bb5 34. Bc5 Qg6 35. Re1 Re8 36. Kf2 h6 37. gxh6 Qxh6 38. Be3 Qf6+ 39. Kg1 Rc8 40. Rc1 Rxc1+ 0-1

[Event "GER-ENG (Women)"]
[Site "Dresden"]
[Date "1998.08.23"]
[Round "8"]
[White "Weng, Annegret"]
[Black "Sheldon, Ruth"]
[Result "0-1"]
[WhiteElo "2175"]
[BlackElo "2220"]
[PlyCount "82"]
[EventDate "1998.08.??"]
[EventType "schev"]
[EventRounds "10"]
[EventCountry "GER"]
[SourceTitle "EXT 1999"]
[Source "ChessBase"]
[SourceDate "1998.11.16"]
[SourceVersion "1"]
[SourceVersionDate "1998.11.16"]
[SourceQuality "1"]

1. e4 c5 2. Nf3 e6 3. d4 cxd4 4. Nxd4 Nc6 5. Nb5 d6 6. c4 Nf6 7. N1c3 a6 8. Na3 Be7 9. Be2 0-0 10. 0-0 Bd7 11. Be3 Qb8 12. f3 Na7 13. Qd3 Bc6 14. Rfd1 Nd7 15. Bf1 Bd8 16. Kh1 Nc8 17. Nc2 Bb6 18. Nd4 Ne5 19. Qd2 Bc5 20. a3 a5 21. Ncb5 a4 22. Rac1 Bd7 23. Be2 Bxb5 24. Nxb5 Nc6 25. f4 Na5 26. Rc3 Nb3 27. Qd3 Ra6 28. Bxc5 dxc5 29. e5 Ne7 30. Nd6 Nd4 31. Qe4 Rxd6 32. exd6 Qxd6 33. Qxb7 Rb8 34. Qa7 Nec6 35. Qxa4 Qxf4 36. Rf1 Qd6 37. Bf3 Ne5 38. Rd1 Rxb2 39. Qe8+ Qf8 40. Qa4 Nexf3 41. gxf3 Qb8 0-1